<?xml version="1.0" encoding="UTF-8"?>
<record
    xmlns:xsi="http://www.w3.org/2001/XMLSchema-instance"
    xsi:schemaLocation="http://www.loc.gov/MARC21/slim http://www.loc.gov/standards/marcxml/schema/MARC21slim.xsd"
    xmlns="http://www.loc.gov/MARC21/slim">

  <leader>01754nam a22002417a 4500</leader>
  <controlfield tag="005">20120628140413.0</controlfield>
  <datafield tag="010" ind1=" " ind2=" ">
    <subfield code="a">B-487311-313</subfield>
  </datafield>
  <datafield tag="020" ind1=" " ind2=" ">
    <subfield code="a">9789380053530</subfield>
    <subfield code="c">150.00</subfield>
  </datafield>
  <datafield tag="035" ind1=" " ind2=" ">
    <subfield code="a">B-487311-313</subfield>
  </datafield>
  <datafield tag="037" ind1=" " ind2=" ">
    <subfield code="b">&#x915;&#x947;.&#x915;&#x947;.&#x92A;&#x92C;&#x94D;&#x932;&#x93F;&#x915;&#x947;&#x936;&#x902;&#x938;</subfield>
  </datafield>
  <datafield tag="082" ind1=" " ind2=" ">
    <subfield code="a">821</subfield>
  </datafield>
  <datafield tag="100" ind1=" " ind2=" ">
    <subfield code="a">&#x91A;&#x924;&#x941;&#x930;&#x94D;&#x935;&#x947;&#x926;&#x940;, &#x938;&#x941;&#x92C;&#x94B;&#x927;</subfield>
    <subfield code="9">54726</subfield>
  </datafield>
  <datafield tag="245" ind1=" " ind2=" ">
    <subfield code="a">&#x905;&#x92A;&#x928;&#x93E; &#x906;&#x915;&#x93E;&#x936;/</subfield>
    <subfield code="c"> &#x938;&#x941;&#x92C;&#x94B;&#x927; &#x91A;&#x924;&#x941;&#x930;&#x94D;&#x935;&#x947;&#x926;&#x940;</subfield>
  </datafield>
  <datafield tag="260" ind1=" " ind2=" ">
    <subfield code="a">&#x917;&#x93E;&#x91C;&#x93F;&#x92F;&#x93E;&#x92C;&#x93E;&#x926;</subfield>
    <subfield code="b">&#x905;&#x928;&#x941;&#x92D;&#x935; &#x92A;&#x94D;&#x930;&#x915;&#x93E;&#x936;&#x928;</subfield>
    <subfield code="c">2012</subfield>
  </datafield>
  <datafield tag="270" ind1=" " ind2=" ">
    <subfield code="a">&#x908;-28, &#x932;&#x93E;&#x91C;&#x92A;&#x924; &#x928;&#x917;&#x930;, &#x938;&#x93E;&#x939;&#x93F;&#x92C;&#x93E;&#x92C;&#x93E;&#x926;</subfield>
    <subfield code="b">&#x917;&#x93E;&#x91C;&#x93F;&#x92F;&#x93E;&#x92C;&#x93E;&#x926;</subfield>
    <subfield code="e">5</subfield>
    <subfield code="k">0120-4112210</subfield>
  </datafield>
  <datafield tag="300" ind1=" " ind2=" ">
    <subfield code="a">128 &#x92A;&#x943;.</subfield>
    <subfield code="c">22 &#x938;&#x947;&#x902;.&#x92E;&#x940;.(&#x938;&#x91C;&#x93F;&#x932;&#x94D;&#x926;)</subfield>
  </datafield>
  <datafield tag="942" ind1=" " ind2=" ">
    <subfield code="2">ddc</subfield>
    <subfield code="c">HN</subfield>
    <subfield code="h">821</subfield>
    <subfield code="m">&#x91A;&#x924;&#x941;&#x930;&#x94D;&#x935;&#x947;</subfield>
  </datafield>
  <datafield tag="999" ind1=" " ind2=" ">
    <subfield code="c">68236</subfield>
    <subfield code="d">68236</subfield>
  </datafield>
  <datafield tag="952" ind1=" " ind2=" ">
    <subfield code="0">0</subfield>
    <subfield code="1">0</subfield>
    <subfield code="4">0</subfield>
    <subfield code="7">0</subfield>
    <subfield code="a">AG</subfield>
    <subfield code="b">AG</subfield>
    <subfield code="d">2012-06-28</subfield>
    <subfield code="g">150.00</subfield>
    <subfield code="l">0</subfield>
    <subfield code="o">821 &#x91A;&#x924;&#x941;&#x930;&#x94D;&#x935;&#x947;</subfield>
    <subfield code="r">2012-06-28 00:00:00</subfield>
    <subfield code="v">150.00</subfield>
    <subfield code="w">2012-06-28</subfield>
    <subfield code="y">HN</subfield>
  </datafield>
  <datafield tag="952" ind1=" " ind2=" ">
    <subfield code="0">0</subfield>
    <subfield code="1">0</subfield>
    <subfield code="4">0</subfield>
    <subfield code="7">0</subfield>
    <subfield code="8">NFIC</subfield>
    <subfield code="a">L</subfield>
    <subfield code="b">L</subfield>
    <subfield code="d">2013-01-11</subfield>
    <subfield code="e">&#x915;&#x947;.&#x915;&#x947;.&#x92A;&#x92C;&#x94D;&#x932;&#x93F;&#x915;&#x947;&#x936;&#x902;&#x938;/2200/17.08.12/1/27.07.12/19.09.12</subfield>
    <subfield code="g">150.00</subfield>
    <subfield code="l">1</subfield>
    <subfield code="o">821 &#x91A;&#x924;&#x941;&#x930;&#x94D;&#x935;&#x947;</subfield>
    <subfield code="p">B-487311</subfield>
    <subfield code="r">2018-07-18 00:00:00</subfield>
    <subfield code="s">2018-07-09</subfield>
    <subfield code="t">1</subfield>
    <subfield code="v">150.00</subfield>
    <subfield code="w">2013-01-11</subfield>
    <subfield code="y">HN</subfield>
  </datafield>
  <datafield tag="952" ind1=" " ind2=" ">
    <subfield code="0">0</subfield>
    <subfield code="1">0</subfield>
    <subfield code="4">0</subfield>
    <subfield code="7">0</subfield>
    <subfield code="8">NFIC</subfield>
    <subfield code="a">BL3</subfield>
    <subfield code="b">BL3</subfield>
    <subfield code="d">2013-01-11</subfield>
    <subfield code="e">&#x915;&#x947;.&#x915;&#x947;.&#x92A;&#x92C;&#x94D;&#x932;&#x93F;&#x915;&#x947;&#x936;&#x902;&#x938;/2200/17.08.12/1/27.07.12/19.09.12</subfield>
    <subfield code="g">150.00</subfield>
    <subfield code="l">0</subfield>
    <subfield code="o">821 &#x91A;&#x924;&#x941;&#x930;&#x94D;&#x935;&#x947;</subfield>
    <subfield code="p">B-487312</subfield>
    <subfield code="r">2013-01-11 00:00:00</subfield>
    <subfield code="t">1</subfield>
    <subfield code="v">150.00</subfield>
    <subfield code="w">2013-01-11</subfield>
    <subfield code="y">HN</subfield>
  </datafield>
  <datafield tag="952" ind1=" " ind2=" ">
    <subfield code="0">0</subfield>
    <subfield code="1">0</subfield>
    <subfield code="4">0</subfield>
    <subfield code="7">0</subfield>
    <subfield code="8">NFIC</subfield>
    <subfield code="a">BL4</subfield>
    <subfield code="b">BL4</subfield>
    <subfield code="d">2013-01-11</subfield>
    <subfield code="e">&#x915;&#x947;.&#x915;&#x947;.&#x92A;&#x92C;&#x94D;&#x932;&#x93F;&#x915;&#x947;&#x936;&#x902;&#x938;/2200/17.08.12/1/27.07.12/19.09.12</subfield>
    <subfield code="g">150.00</subfield>
    <subfield code="l">0</subfield>
    <subfield code="o">821 &#x91A;&#x924;&#x941;&#x930;&#x94D;&#x935;&#x947;</subfield>
    <subfield code="p">B-487313</subfield>
    <subfield code="r">2013-01-11 00:00:00</subfield>
    <subfield code="t">1</subfield>
    <subfield code="v">150.00</subfield>
    <subfield code="w">2013-01-11</subfield>
    <subfield code="y">HN</subfield>
  </datafield>
</record>
